Las Migraciones forzadas en Centroamérica: una visión regional /
SIN RESUMEN
Kaydedildi:
| Kurumsal yazarlar: | , , |
|---|---|
| Materyal Türü: | Metin |
| Baskı/Yayın Bilgisi: |
San José:
ABC Ediciones
|
| Konular: | |
| Etiketler: |
Etiketle
Etiket eklenmemiş, İlk siz ekleyin!
|
MARC
| LEADER | 00000 a a2200000 04500 | ||
|---|---|---|---|
| 001 | 19575 | ||
| 003 | |||
| 040 | |a CRAI/IIS |c CRAI/IIS | ||
| 090 | |a 077700 | ||
| 110 | |a Asociación de Coordinaciones Nacional de Organismos No Gubernamentalesque Trabajan con Refugiados, Desplazados y Reformados | ||
| 245 | |a Las Migraciones forzadas en Centroamérica: una visión regional / |c Asociación de Coordinaciones Nacional de Organismos No Gubernamentalesque Trabajan con Refugiados, Desplazados y Reformados | ||
| 260 | |a San José: |b ABC Ediciones | ||
| 300 | |a 126 p | ||
| 300 | |b **no definido** | ||
| 520 | |a SIN RESUMEN | ||
| 650 | |a REFUGIADOS | ||
| 650 | |a MIGRACION FORZADA | ||
| 650 | |a MIGRACION INTERNACIONAL | ||
| 650 | |a MIGRACION INTRARREGIONAL | ||
| 650 | |a PERSONAS DESPLAZADAS | ||
| 710 | |a Consejo Superior Universitario Centroamericano | ||
| 710 | |a CSUCA | ||
| 999 | |c 16885 |d 16885 | ||
